Tribhuvan University Central Library

Racial and gender Trauma in Maya Angelou's I Know why the Caged Bird Sinds (Record no. 82040)

MARC details
000 -LEADER
fixed length control field 00507nam a22001817a 4500
008 - FIXED-LENGTH DATA ELEMENTS--GENERAL INFORMATION
fixed length control field 171221b xxu||||| |||| 00| 0 eng d
082 ## - DEWEY DECIMAL CLASSIFICATION NUMBER
Classification number CD13008
100 ## - MAIN ENTRY--PERSONAL NAME
Personal name Dam, Sabita
245 ## - TITLE STATEMENT
Title Racial and gender Trauma in Maya Angelou's I Know why the Caged Bird Sinds
260 ## - PUBLICATION, DISTRIBUTION, ETC. (IMPRINT)
Place of publication, distribution, etc Kathmandu
Date of publication, distribution, etc 2016
502 ## - DISSERTATION NOTE
Dissertation note Dissertation
Degree type Degree in Economics
Name of granting institution TU
650 ## - SUBJECT ADDED ENTRY--TOPICAL TERM
Topical term or geographic name as entry element Economics
650 ## - SUBJECT ADDED ENTRY--TOPICAL TERM
Topical term or geographic name as entry element Racial groups
-- 7393
650 ## - SUBJECT ADDED ENTRY--TOPICAL TERM
Topical term or geographic name as entry element Gender
650 ## - SUBJECT ADDED ENTRY--TOPICAL TERM
Topical term or geographic name as entry element African women
650 ## - SUBJECT ADDED ENTRY--TOPICAL TERM
Topical term or geographic name as entry element American women
942 ## - ADDED ENTRY ELEMENTS (KOHA)
Source of classification or shelving scheme Dewey Decimal Classification
Koha item type Audio Visual Materials
Holdings
Withdrawn status Lost status Source of classification or shelving scheme Damaged status Not for loan Home library Current library Date acquired Total Checkouts Full call number Barcode Date last seen Price effective from Koha item type
    Dewey Decimal Classification     Tribhuvan University Central Library Tribhuvan University Central Library 12/21/2017   CD13008 A12952 12/21/2017 12/21/2017 Audio Visual Materials